| 000 | 00959nam a2200217Ia 4500 | ||
|---|---|---|---|
| 001 | 2609 | ||
| 005 | 20260422144903.0 | ||
| 008 | 260306t2022||||xx |||||||||||||| ||spa|| | ||
| 041 | _aESP | ||
| 082 |
_a617 _bT869 |
||
| 100 |
_aTownsend, Courtney M., _eAUT |
||
| 245 | 0 |
_aTratado de cirugía : _bfundamentos biológicos de la práctica quirúrgica moderna |
|
| 260 | _c2022 | ||
| 300 |
_axxvii, 2147 páginas : _c28 cm. |
||
| 650 | _aGEN | ||
| 654 | _aCCS | ||
| 856 |
_uhttps://0u216xhg7-y-https-accessmedicina-mhmedical-com.itmsp.museknowledge.com/book.aspx?bookid=3583 _zVéase además: Fundamentos quirúrgicos. Versión digital |
||
| 856 |
_uhttps://0u216xhg7-y-https-accessmedicina-mhmedical-com.itmsp.museknowledge.com/ _zVéase además: Base de datos McGraw Hill Access Medicina |
||
| 856 |
_uhttps://0u23fxig9-y-https-www-clinicalkey-com.itmsp.museknowledge.com/student/login _zVéase además: Base de datos ClinicalKey |
||
| 942 |
_cLIB _dJUS _fJUS _2ddc |
||
| 999 |
_c2609 _d2609 |
||